书目信息 |
| 题名: |
典型土壤污染的生物修复理论与技术
|
|
| 作者: | 张宝杰 , 闫立龙 , 迟晓德 著 | |
| 分册: | ||
| 出版信息: | 北京 电子工业出版社 2014.1 |
|
| 页数: | 420页 | |
| 开本: | 24cm | |
| 丛书名: | 环保公益性行业科研专项经费项目系列丛书 | |
| 单 册: | ||
| 中图分类: | X53 | |
| 科图分类: | ||
| 主题词: | 土壤污染--污染防治--生物防治--(环境污染) | |
| 电子资源: | ||
| ISBN: | 978-7-121-21332-8 | |
| 000 | 01346nam0 2200289 450 | |
| 001 | 702 | |
| 005 | 20160908144731.03 | |
| 005 | 20140411181448 | |
| 010 | @a978-7-121-21332-8@dCNY76.00 | |
| 100 | @a20140121d2014 em y0chiy0110 ea | |
| 101 | 0 | @achi |
| 102 | @aCN@b110000 | |
| 105 | @aak z 000yy | |
| 200 | 1 | @a典型土壤污染的生物修复理论与技术@9dian xing tu rang wu ran de sheng wu xiu fu li lun yu ji shu@f张宝杰,闫立龙,迟晓德等著 |
| 210 | @a北京@c电子工业出版社@d2014.1 | |
| 215 | @a420页@c图表@d24cm | |
| 225 | 2 | @a环保公益性行业科研专项经费项目系列丛书 |
| 330 | @a土壤是农业生产的基础,也是人类生存与发展环境的重要组成部分。土壤污染事关农产品质量和人体健康,事关经济社会发展和生态安全。本书作为环保公益性行业科研专项经费项目系列丛书之一,系统地介绍了土壤的特点、土壤污染的状况、污染土壤生物修复的原理、生物修复工艺、工艺可行性研究,分析了部分修复实例,并利用部分微生物、植物及农业废弃物对典型重金属及除草剂进行了试验研究。 | |
| 333 | @a本书可作为土壤、环境保护工作者及高等院校师生的阅读和参考用书。 | |
| 461 | 0 | @12001 @a环保公益性行业科研专项经费项目系列丛书 |
| 606 | 0 | @a土壤污染@x污染防治@x生物防治@x(环境污染) |
| 690 | @aX53@v4 | |
| 701 | 0 | @a张宝杰@9zhang bao jie@4著 |
| 701 | 0 | @a闫立龙@9yan li long@4著 |
| 701 | 0 | @a迟晓德@9chi xiao de@4著 |
| 801 | 0 | @aCN@b唐山师范学院图书馆@c20160723 |
| 905 | @aZUCC@dX53@e142 | |
| 典型土壤污染的生物修复理论与技术/张宝杰,闫立龙,迟晓德等著.-北京:电子工业出版社,2014.1 |
| 420页:图表;24cm.-(环保公益性行业科研专项经费项目系列丛书) |
| 使用对象:本书可作为土壤、环境保护工作者及高等院校师生的阅读和参考用书。 |
| ISBN 978-7-121-21332-8:CNY76.00 |
| 土壤是农业生产的基础,也是人类生存与发展环境的重要组成部分。土壤污染事关农产品质量和人体健康,事关经济社会发展和生态安全。本书作为环保公益性行业科研专项经费项目系列丛书之一,系统地介绍了土壤的特点、土壤污染的状况、污染土壤生物修复的原理、生物修复工艺、工艺可行性研究,分析了部分修复实例,并利用部分微生物、植物及农业废弃物对典型重金属及除草剂进行了试验研究。 |
| ● |
| 相关链接 |
|
|
|
|
正题名:典型土壤污染的生物修复理论与技术
索取号:X53/142
 
预约/预借
| 序号 | 登录号 | 条形码 | 馆藏地/架位号 | 状态 | 备注 |
| 1 | 903059 | 209030591 | 第二样本阅览室/ [索取号:X53/142] | 在馆 | |
| 2 | 903060 | 209030608 | 第三借阅区/ [索取号:X53/142] | 在馆 | |
| 3 | 903061 | 209030617 | 第三借阅区/ [索取号:X53/142] | 在馆 |